ITZY Music Show Wins - Statistics

General Stats
  • This quiz has been taken 61 times
  • The average score is 14 of 17
Answer Stats
Hint Answer % Correct
LOCO Yes
98%
Not Shy Yes
98%
DALLA DALLA Yes
98%
BET ON ME No
96%
WANNABE Yes
96%
ICY Yes
94%
Boys Like You No
89%
In the morning Yes
89%
UNTOUCHABLE Yes
83%
CAKE Yes
83%
SNEAKERS Yes
83%
Imaginary Friend No
81%
None of My Business No
79%
Cheshire Yes
79%
Mr. Vampire No
74%
BORN TO BE No
55%
GOLD No
55%
No matching quizzes found
Score Distribution
Percent of People with Each Score
Percentile by Number Answered
Your Score History
You have not taken this quiz